| 000 | 00658cam a2200205 a 4500 | ||
|---|---|---|---|
| 001 | 000010242 | ||
| 005 | 20200929162217.0 | ||
| 008 | 990513s1998 ck 001 0 spa | ||
| 020 | _a9582004037 | ||
| 040 |
_aDO-SdBNP _bspa _cBNPHU |
||
| 082 |
_axx _bR291c |
||
| 100 | 1 |
_aRebetez, René. _925249 |
|
| 245 | 1 | 0 |
_aCuentos de amor, terror y otros misterios / _cRené Rebetez. |
| 260 |
_aSantafé de Bogotá : _bCooperativa Editorial Magisterio, _c1998. |
||
| 300 |
_a206 p. ; _c21 cm. |
||
| 490 | 1 |
_aPiedra de sol : _pCuento, _v33 |
|
| 650 | 4 |
_aCuentos colombiano _925250 |
|
| 650 | 4 |
_aLiteratura colombiana _91244 |
|
| 830 | 0 |
_aPiedra de sol _pCuento, _v33 _925251 |
|
| 999 |
_c10001 _d10001 |
||